| 000 | 00800cam a2200241 i 4500 | ||
|---|---|---|---|
| 005 | 20160123155652.0 | ||
| 008 | 010705s2000 ec b 001 0 spa d | ||
| 020 | _a9978046615 | ||
| 040 |
_aCUY _cCUY _dDLC _dCO-BoIAVH |
||
| 041 | 0 | _aspa | |
| 042 | _alccopycat | ||
| 043 | _as-ec--- | ||
| 044 | _aec | ||
| 082 | 0 | 4 |
_a599.09866 _bT59l |
| 100 | 1 | _aTirira S., Diego | |
| 245 | 1 | 0 |
_aListado bibliográfico sobre los mamíferos del Ecuador / _cDiego Tirira S. |
| 260 |
_aQuito, Ecuador : _bEcoCiencia : _cc2000. |
||
| 300 |
_axii, 340 páginas ; _c22 cm. |
||
| 490 | 0 | 0 |
_aBoletines bibliográficos sobre la biodiversidad del Ecuador ; _v2 |
| 650 | 1 | 4 |
_aMamíferos _vBibliografías. _zEcuador |
| 650 | 2 | 4 |
_aMamíferos _xIdentificación _vBibliografías. _zEcuador |
| 942 |
_2ddc _cLIBRO |
||
| 999 |
_c2495 _d2495 |
||